Japanese Vocab (verbs) - Statistics

General Stats
  • This quiz has been taken 23 times
    14 since last reset
  • The average score is 22 of 40
Answer Stats
Hint Answer % Correct
To walk (歩) Aruku
86%
To leave/exit (出) Deru
86%
To run (走) Hashiru
86%
To say (言) Iu
86%
To wash (洗) Arau
71%
To begin/start/happen (again) (始ま) Hajimaru
71%
To work/function (働) Hataraku
71%
To cut (切) Kiru
71%
To think/consider/believe (思) Omou
71%
To smoke/breathe in/suck/sip Suu
71%
To sit (座) Suwaru
71%
To take (photograph) (撮) Toru
71%
To make/build/prepare food (作) Tsukuru
71%
To sell (売) Uru
71%
To sing (歌) Utau
71%
To laugh/smile (笑) Warau
71%
To borrow/rent (借り) Kariru
57%
To marry (結婚) Kekkonsuru
57%
To show/display Miseru
57%
To board/get on (train, plane…) (乗) Noru
57%
To dance (踊) Odoru
57%
To get up/wake up/occur (unfavourable events) Okiru
57%
To send (送) Okuru
57%
To help (手伝) Tetsudau
57%
To use (tool, method, puppet) Tsukau
57%
To arrive at/reach/sit on/at (着) Tsuku
57%
To be decided/settled/fixed (決ま) Kimaru
43%
To Decide (actively) (決め) Kimeru
43%
To wear (着)/take blame/responsibility Kiru
43%
To be seen/look/seem/appear Mieru
43%
To teach/inform/preach (教え) Oshieru
43%
To practice Renshuusuru
43%
To rest/be absent/go to bed Yasumu
43%
To go out Dekakeru
29%
To have a meal/dine Shokujisuru
29%
To work for Tsutomeru
29%
To raise/do up/fly (a kite) Ageru
14%
To do/perform/play a game/send (colloquial?) Yaru
14%
To open (開) Hiraku
0%
To become hungry Onakagasuku
0%
No matching quizzes found
Score Distribution
Percent of People with Each Score
Percentile by Number Answered
Your Score History
You have not taken this quiz since the last reset